| 000 | 00838nam a22002535a 4500 | ||
|---|---|---|---|
| 005 | 20161108141351.0 | ||
| 008 | 161024t2015 njua frb 001 0 eng d | ||
| 020 | _a9781118871041 | ||
| 040 |
_aEG-ScBUE _beng _cEG-ScBUE _dEG-ScBUE |
||
| 082 | 0 | 4 |
_222 _a658.473 _bPAD |
| 100 | 1 | _aPadgett, Simon. | |
| 245 | 1 | 0 |
_aProfiling the fraudster : _bremoving the mask to prevent and detect fraud / _cSimon Padgett. |
| 260 |
_aHoboken : _bJohn Wiley & Sons, Inc., _cc.2015. |
||
| 300 |
_axix, 247 p. : _bill. ; _c24 cm. |
||
| 490 | 0 | _aWiley Corporate F&A | |
| 500 | _aIndex : p. 243-247. | ||
| 504 | _aBibliography : p. 231-236. | ||
| 590 | _aSuzan Ashmawy, revised by Rahma Essa. | ||
| 650 | 7 |
_2BUEsh _aFraud. _940829 |
|
| 650 | 7 |
_2BUEsh _aFraud Profiling. |
|
| 651 | _2BUEsh | ||
| 653 |
_bBUSADM _cOctober2016 _cNovember2016 |
||
| 942 | _2ddc | ||
| 999 |
_c22813 _d22785 |
||